000
00376nam a2200133Ia 4500
008
151001s9999||||xx |||||||||||||| ||und||
100
_a
साईनाथ पाचारणे
245
_a
कथा भारती
250
_a
1
260
_b
"निखील प्रकाशन, कोल्हापूर"
260
_c
2014
300
_a
144
365
_b
21
999
_c
1001335
_d
1001332